000 01023nam a2200301 u 4500
001 000003276
003 DO-SdBNP
005 20220420095454.0
007 ta
008 090707s1986 dr c r 000 0 spa d
040 _aDO-SdBNP
_bspa
_cBNPHU
082 4 _a341.73
_bC818h
_222
100 1 _aCornielle Segura , Carlos,
_d1916-
_910315
245 1 0 _aHeroes de la paz /
_cCarlos Cornielle Segura ; prólogo Joaquín Balaguer ; epílogo Manuel Ramón Ruiz Tejada.
260 _aSanto Domingo :
_bCorripio,
_c1986.
300 _a556 p. :
_bretrs. ;
_c23 cm.
500 _aIncluye datos biográficos del autor.
500 _aIncluye índice.
504 _aIncluye referencias bibliográficas.
590 _a1 ejemplar autografiado por el autor
590 _aInventariado, 2019/VM
630 _aPaz--Biografía
_981475
650 _aHéroes
_xBiografía
_xPaz
_981476
650 _aHistoria
_xFuentes.
_ySiglo XX
_981477
700 1 _aRuiz Tejada, Manuel Ramón,
_910316
_eepílogo
910 _aSaquino
942 _2ddc
_cLBS1
999 _c3107
_d3107